Výhody rovesníckej mediácie a princíp jej uplatňovania v škole

Definícia pojmu mediácia a dôležitosť jej prijatia v školskom prostredí dospelými autoritami pre implementovanie programu rovesníckej mediácie. Výhody a princípy mediácie v školskom prostredí pri riešení konfliktov formou zmierovania.

Salvato in:
Dettagli Bibliografici
Autore principale: Bieleszová, Dušana
Natura: Capitolo di libro
Lingua:slovacco
Soggetti:
Tags: Aggiungi Tag
Nessun Tag, puoi essere il primo ad aggiungerne!!

MARC

LEADER 00000naa a2200000 4500
001 0162794
005 20231127102556.9
041 0 |a slo 
044 |a SK 
245 1 0 |a Výhody rovesníckej mediácie a princíp jej uplatňovania v škole  |c Dušana Bieleszová 
520 |a Definícia pojmu mediácia a dôležitosť jej prijatia v školskom prostredí dospelými autoritami pre implementovanie programu rovesníckej mediácie. Výhody a princípy mediácie v školskom prostredí pri riešení konfliktov formou zmierovania. 
610 2 0 |a školy 
610 2 0 |a zariadenia školské 
610 2 0 |a vzdelávanie 
610 2 0 |a výchova 
610 2 0 |a správanie sociálne 
610 2 0 |a mediácia 
610 2 0 |a konflikty 
610 2 0 |a kolektív 
100 1 |a Bieleszová, Dušana